000 00394nam a2200145Ia 4500
008 100122s9999 xx 000 0 und d
082 _b43955
_a823
100 _aवैद्य सुरेश
245 _aसाहजिक
260 _bअर्चना प्रकाशन
_c1990
300 _a186
630 _aसाहजिक
730 _aसाहजिक
942 _cBOOK
999 _c423854
_d423851